| 000 | 00498nam a2200169Ia 4500 | ||
|---|---|---|---|
| 003 | GCL | ||
| 008 | 140319s9999 xx 000 0 ara d | ||
| 040 |
_aGCL / _cGCL |
||
| 082 | 0 | 4 |
_a947 _bف ت |
| 100 | 1 | _aفؤاد حسن حافظ | |
| 245 | 1 | 0 |
_aتاريخ الشعب الارمنى منذ البداية حتى اليوم / _cفؤاد حسن حافظ |
| 300 | _a576 ص | ||
| 490 | _a | ||
| 650 | 0 | 4 | _aارمينيا |
| 650 | 0 | 4 | _aالاتحاد السوفيتى - تاريخ |
| 942 |
_2ddc _cBK |
||
| 999 |
_c46573 _d46573 |
||